000 00951cam a2200253 a 4500
001 000015518
005 20200929164049.0
008 930420s1978 ve a b l000 0bspa d
035 _a(DLC) 93143175
040 _aDO-SdBNP
_bspa
_cBNPHU
082 _a923.2987
_bS594F
100 1 _aFeldman, Moisés.
_935048
245 1 4 _aLas crisis psicológicas de Simón Bolívar /
_cMoisés Feldman.
250 _a2a ed.
260 _aCaracas :
_bNuestra Psiquiatría,
_c1978.
300 _a101 p. :
_bil. ;
_c20 cm.
504 _aIncluye bibliografía: p. 100-101.
504 _aIncluye referencias bibliográficas y notas al pie de las páginas.
600 1 4 _aBOLÍVAR, SIMÓN,
_d1783-1830
_gSIMÓN JOSÉ ANTONIO DE LA SANTÍSIMA TRINIDAD BOLÍVAR Y PALACIOS
_xPSICOLOGÍA
_935049
650 4 _aJefes de estado
_zAmérica Del Sur
_xBiografía
_918374
600 1 4 _aRODRÍGUEZ, SIMÓN,
_d1769-1854.
_935050
910 _aCatalogación derivada
049 _aBNGR
999 _c15074
_d15074